LEADER 01147nam0-22003131i-450- 001 990003182250403321 035 $a000318225 035 $aFED01000318225 035 $a(Aleph)000318225FED01 035 $a000318225 100 $a20000920d1969----km-y0itay50------ba 101 0 $aita 102 $aIT 200 1 $aRicerca sul problema delle abitazioni in Italia$ei provvedimenti legislativi sull'edilizia economica e popolare in Italia dal 1865 ad oggi$fa cura di Giuseppe Matulli 210 $aFirenze$cDipartimento Statistico-Matematico dell'Università$d1969 215 $a2 v. (XIV, 128 p., 183 p.)$d28 cm 225 1 $aDocumentazione$v11-13 300 $a1. Introduzione. I provvedimenti legislativi dal 1865 al 1938$a2. I provvedimenti legislativi dal 1938 al 1968 610 0 $aAbitazioni$aItalia 676 $aL/2.32 702 1$aMatulli,$bGiuseppe 801 0$aIT$bUNINA$gRICA$2UNIMARC 901 $aBK 912 $a990003182250403321 952 $aL/2.32 RIC/69.1$b3406 c/I$fSES 952 $aL/2.32 RIC/69.2$b3406 d/I$fSES 959 $aSES 996 $aRicerca sul problema delle abitazioni in Italia$9452445 997 $aUNINA LEADER 05814nam 22007335 450 001 9910583503503321 005 20260126121848.0 010 $a3-030-95738-1 024 7 $a10.1007/978-3-030-95738-4 035 $a(MiAaPQ)EBC7042245 035 $a(Au-PeEL)EBL7042245 035 $a(CKB)24242686900041 035 $a(PPN)263901564 035 $a(OCoLC)1335122792 035 $a(DE-He213)978-3-030-95738-4 035 $a(EXLCZ)9924242686900041 100 $a20220709d2022 u| 0 101 0 $aeng 135 $aurcnu|||||||| 181 $ctxt$2rdacontent 182 $cc$2rdamedia 183 $acr$2rdacarrier 200 10$aFoot and Ankle Disorders $eA Comprehensive Approach in Pediatric and Adult Populations /$fedited by Emilio Wagner Hitschfeld, Pablo Wagner Hitschfeld 205 $a1st ed. 2022. 210 1$aCham :$cSpringer International Publishing :$cImprint: Springer,$d2022. 215 $a1 online resource (1390 pages) 225 1 $aMedicine Series 311 08$a3-030-95740-3 311 08$a3-030-95737-3 327 $a1. Foot and ankle biomechanics: gait analysis.-2. Imaging in Ankle and Foot.-3. Open vs minimally invasive surgery: Advantages And Disadvantages.-4. Tumors of the Foot and Ankle.-5. Care and management of surgical wounds, wounds dehiscence and scars.-6. Biomechanics, assessment, and management principles for pediatric foot deformities.-7. Clubfoot.-8. Pediatric metatarsus adductus and cavovarus foot.-9. Pediatric Flexible and Rigid Flatfoot.-10. Foot Osteochondrosis.-11. Fibular Hemimelia: Principles and Techniques of Management.-12. Brachymetatarsia: Surgical management with Internal and External fixation.-13. Lesser toe deformities.-14. Neurologic foot.-15. Pediatric Diaphyseal Tibia and Distal Tibia Fractures.-16. Ankle Transitional Fractures.17. Hallux Valgus.-18. Hallux Rigidus.-19. Sesamoiditis -- 20. Metatarsalgia -- 21. Deformity of the lesser toes -- 22. Morton´s Neuroma -- 23. Bunionette -- 24. Progressive Collapsing Foot Deformity.-25. Latest Trends in Flatfoot Management ? Contributions of the Spring Ligament Complex and the Deltoid Ligament.-26. Cavus foot -- 27. Management off severe untreated and recurrent clubfoot deformity in the child and adult.-28. Muller Weiss disease.-29. Surgical Techniques for Peritalar Osteoarthrosis: Talonavicular, Subtalar, Calcaneocuboid and Midfoot.-30. Forefoot driven hindfoot deformity: coupled deformity.-31. Localized osteoarthritis of the ankle.-32. Diffuse Ankle Osteoarthritis -- 33. Tibial posttraumatic deformity.-34.Septic Ankle Arthritis and Tibial Osteomyelitis.-35. Tibial bone defects reconstruction techniques.-36. Below knee amputations -- 37. Insertional Achilles tendinopathy: Diagnosis and Treatment -- 38. Non insertional Achilles tendinopathy -- 39. Achilles lengthening techniques -- 40. Plantar fascitis -- 41. Foot and ankle tendon transfers: surgical techniques -- 42. Diabetic foot -- 43. Rheumathoid foot -- 44. Charcot neuro-arthropathy -- 45. Nerve entrapment syndromes of the Lower Limbs -- 46. Peroneal tendon tears: Evaluation and treatment -- 47. Anterior Ankle Impingement and Ankle Instability -- 48. Diagnosis and treatment of talus osteochondral lesions: current concepts -- 49. Posterior ankle impingement -- 50. Common stress fractures around the foot and ankle -- 51. Achilles tendon ruptures -- 52. Ankle fractures -- 53. Tibial pilon fractures -- 54. Calcaneus fractures -- 55. Talus fractures -- 56. Midfoot injuries -- 57. Diaphyseal and Distal Tibial Fractures -- 58. Metatarsal fractures -- 59. Compartment syndrome of the leg and foot. 330 $aThis book offers an updated guide to the foot and ankle, and presents them at different ages, which will allow the reader to analyze and understand how the foot develops from the early stages to adulthood. It provides a general overview of the anatomy, biomechanics, diagnosis, surgical approaches, treatment alternatives, and complications in connection with pediatric and adult foot and ankle problems, gathering in-depth information on frequent pathologies in a single source. Written by world-renowned experts, the book offers various points of view on the topics discussed. This comparative approach is generally lacking in foot and ankle literature, an oversight that the book addresses. The content consists of 59 chapters, divided into the following major sections: Basic sciences and general considerations, Pediatric orthopedics and traumatology, Adult orthopedics and Adult sports lesions and traumatology. Foot and Ankle Disorders: A Comprehensive Approach in Pediatric and Adult Populations will be of major interest for orthopedic surgery residents, for orthopedic surgeons who are starting their careers, and for experienced ones seeking updated information on the foot and ankle. 410 0$aMedicine Series 606 $aOrthopedics 606 $aPediatrics 606 $aSurgery 606 $aOrthopaedics 606 $aPediatrics 606 $aSurgery 606 $aTurmell$2thub 606 $aFerides i lesions$2thub 606 $aMalalties del peu$2thub 606 $aCirurgia podològica$2thub 608 $aLlibres electrònics$2thub 615 0$aOrthopedics. 615 0$aPediatrics. 615 0$aSurgery. 615 14$aOrthopaedics. 615 24$aPediatrics. 615 24$aSurgery. 615 7$aTurmell 615 7$aFerides i lesions 615 7$aMalalties del peu 615 7$aCirurgia podològica 676 $a617.585 676 $a617.584 702 $aHitschfeld$b Pablo Wagner 702 $aHitschfeld$b Emilio Wagner 801 0$bMiAaPQ 801 1$bMiAaPQ 801 2$bMiAaPQ 906 $aBOOK 912 $a9910583503503321 996 $aFoot and Ankle Disorders$92519899 997 $aUNINA